Vida y extrañas y sorprendentes aventuras de Robinson Crusoe, escritas por él mismo
Збережено в:
| Автор: | |
|---|---|
| Формат: | Книга |
| Мова: | Іспанська |
| Опубліковано: |
Barcelona
Lumen
1975
|
| Предмети: | |
| Теги: |
Додати тег
Немає тегів, Будьте першим, хто поставить тег для цього запису!
|
MARC
| LEADER | 00000nam a2200000 a 4500 | ||
|---|---|---|---|
| 001 | UCO4752 | ||
| 003 | CL-VaPUC | ||
| 008 | 000811e19750000SP |||||||||||||||||spa|d | ||
| 082 | 0 | 4 | |a 823 |b DEF |2 21 |
| 100 | |a Defoe, Daniel |e author |9 338739 | ||
| 245 | 1 | 0 | |a Vida y extrañas y sorprendentes aventuras de Robinson Crusoe, escritas por él mismo |
| 300 | |a v | ||
| 942 | |c BK | ||
| 945 | |d 20000811 00:00:00 |a crobeson | ||
| 260 | |a Barcelona |b Lumen |c 1975 | ||
| 650 | 0 | |a Novelas inglesas |9 265220 | |
| 650 | 0 | |a Literatura inglesa |9 312907 | |
| 583 | |a last modification |c 20000811 00:00:00 |k Rodrigo Vera | ||
| 999 | |c 290749 |d 290747 | ||
| 952 | |0 0 |1 0 |4 0 |6 823_000000000000000_DEF_1975 |7 0 |8 A |9 340315 |a BIBART |b BIBART |d 2019-11-20 |h v.1 |i 1215434 |o 823 DEF 1975 |p 1215434 |r 2025-03-13 |w 2019-11-20 |y BK |k ART | ||
| 952 | |0 0 |1 0 |4 0 |6 823_000000000000000_DEF_1975 |7 0 |8 A |9 340316 |a BIBART |b BIBART |d 2019-11-20 |h v.2 |i 1215442 |o 823 DEF 1975 |p 1215442 |r 2025-03-13 |w 2019-11-20 |y BK |k ART | ||